000 00687nam a2200229 a 4500
999 _c615
_d615
001 615
003 BD-JhCC
005 20171007212635.0
008 171007s2003 bg a|||| ||a| 000 0 ben d
020 _a9789848765821
035 _a(BD-JhCC)615
040 _aBD-JhCC
_dBD-JhCC
041 _aben
082 _a920.095492
_bMOT 2003
100 _aরহমান, মতিউর
245 _aআমাদের কালের নায়কেরা /
_cমতিউর রহমান
260 _aঢাকা :
_bপ্রথমা প্রকাশ,
_c2003.
300 _a131 p. :
_c22 cm.
650 _aCelebrities
_xBiography
_zBangladesh
942 _2ddc
_cBK